The economic competitiveness of renewable energy : (Record no. 97971)
[ view plain ]
| 000 -LEADER | |
|---|---|
| fixed length control field | 01318cam a2200241 i 4500 |
| 001 - CONTROL NUMBER | |
| control field | 18144552 |
| 005 - DATE AND TIME OF LATEST TRANSACTION | |
| control field | 20170908095644.0 |
| 008 - FIXED-LENGTH DATA ELEMENTS--GENERAL INFORMATION | |
| fixed length control field | 140508s2014 njua b 001 0 eng |
| 020 ## - INTERNATIONAL STANDARD BOOK NUMBER | |
| International Standard Book Number | 9781118237908 (hardback) |
| 040 ## - CATALOGING SOURCE | |
| Transcribing agency | PK-LaUMT |
| 082 00 - DEWEY DECIMAL CLASSIFICATION NUMBER | |
| Classification number | 621.042 |
| Edition number | 23 |
| Item number | HOF-E |
| 100 1# - MAIN ENTRY--PERSONAL NAME | |
| Personal name | Hoffmann, Winfried |
| 245 14 - TITLE STATEMENT | |
| Title | The economic competitiveness of renewable energy : |
| Remainder of title | pathways to 100% global coverage / |
| Statement of responsibility, etc | Winfried Hoffmann |
| 260 ## - PUBLICATION, DISTRIBUTION, ETC. (IMPRINT) | |
| Place of publication, distribution, etc | Hoboken : |
| Name of publisher, distributor, etc | John Wiley, |
| Date of publication, distribution, etc | 2014 |
| 300 ## - PHYSICAL DESCRIPTION | |
| Extent | xxvi, 232 p. : |
| Other physical details | illustrations, map ; |
| Dimensions | 25 cm |
| 520 ## - SUMMARY, ETC. | |
| Summary, etc | "Argues that 100% coverage of the global energy needs by renewable technology is much more probable than previously thought; explains how energy efficiency technologies will be able to drastically reduce the energy consumption for the same quality of life; demonstrates that traditional energy technologies are not able to sustainably support the future energy requirements of a growing world population; and discusses the most relevant renewable energy technologies, including solar photovoltaic, solar thermal and wind"-- |
| 650 #0 - SUBJECT ADDED ENTRY--TOPICAL TERM | |
| Topical term or geographic name as entry element | Renewable energy sources. |
| 650 #0 - SUBJECT ADDED ENTRY--TOPICAL TERM | |
| Topical term or geographic name as entry element | Renewable energy sources |
| General subdivision | Economic aspects. |
| 650 #0 - SUBJECT ADDED ENTRY--TOPICAL TERM | |
| Topical term or geographic name as entry element | Energy industries. |
| 650 #0 - SUBJECT ADDED ENTRY--TOPICAL TERM | |
| Topical term or geographic name as entry element | Energy policy. |
| 650 #7 - SUBJECT ADDED ENTRY--TOPICAL TERM | |
| Topical term or geographic name as entry element | TECHNOLOGY & ENGINEERING / Power Resources / General. |
| 942 ## - ADDED ENTRY ELEMENTS (KOHA) | |
| Koha item type | Books |
| Withdrawn status | Lost status | Damaged status | Home library | Current library | Date acquired | Full call number | Barcode | Date last seen | Price effective from | Koha item type |
|---|---|---|---|---|---|---|---|---|---|---|
| UMT Main Campus | UMT Main Campus | 2017-09-08 | 621.042 HOF-E | 113465 | 2017-09-08 | 2017-09-08 | Books |
